00494nam a2200193 a 4500001001300000003000900013005001700022008004100039020001000080082001400090100002000104245004600124260003200170300000900202500003500211505001000246650002400256700002000280nice12345678IN_TiNIC20260116012914.0050524s1944 lona grp 000 0 eng  ac10000a201bTHO3 aThomas, Gilbert aBuilders and Makersb Occasional Sstudies aLondonbEpworth Pressc1944 a212p aincludes index and biblioraphy2 aIndex aChristian-Biography1 aThomas, Gilbert